| 000 | 00768nam a2200241Ia 4500 | ||
|---|---|---|---|
| 003 | OSt | ||
| 005 | 20220930055422.0 | ||
| 006 | a|||||r|||| 00| 0 | ||
| 007 | ta | ||
| 008 | 220926b |||||||| |||| 00| 0 eng d | ||
| 024 | _a31 | ||
| 037 | _cTheses | ||
| 040 |
_aCRL _cCRL _beng |
||
| 041 |
_2eng _aeng |
||
| 100 |
_aPrakash Nirupam _9519323 |
||
| 110 |
_aUniversity of Delhi. Faculty of Medical Sciences. Department of Medicine _9519324 |
||
| 245 | 0 |
_aRole of helicobacter pylori in ulcer like non ulcer dyspepsia. (Supervisor _b Dr. R. Dewan) |
|
| 260 | _c2000 | ||
| 650 |
_aMEDICINE _9519325 |
||
| 700 |
_aUniversity of Delhi. Faculty of Medical Sciences. Department of Medicine _9519326 |
||
| 942 |
_cDIS _2CC |
||
| 999 |
_c854361 _d854361 |
||